Регионална библиотека "Любен Каравелов" - Русе

Българската правда и гръцката кривда (Запис номер 420406)

MARC детайли
000 -Лидер
Контролно поле с фиксирана дължина nmm a22 c 4500
003 - Код на организацията, давaща контролен номер
Контролно поле BLK
005 - Дата и час на последна редакция
Контролно поле 20210617173726.0
008 - Елементи от данни с фиксирана дължина
fixed length control field 180410b bul|||||| ||||||| ||bul||
040 ## - Източник на каталожния запис
Идентификатор на билиотеката - собственик на записа BLK
041 ## - Код за език
Код за езика на текст/звукозапис или на отделно заглавие Български
Код за езика КДБФ Български
072 #7 - Код за тематичната категория
Код организация bullib
Код за тематична категория С
Текст Старопечатен фонд
080 ## - УДК
Текстов определител УДК Църковен национален въпрос. Обособяване на самостоятелна българска църква. Създаване на Българска екзархия
УДК код - определител по УДК 94(497.2)"1870"
УДК - код + определител 94(497.2)"1870"
139 ## - Редно поле
Редна дума Милетий Зографски
Авторски знак Милет - М 58
245 10 - Сведения за заглавието
Заглавие Българската правда и гръцката кривда
Подзаглавни данни Посвящавася на тружениците по въпроса / От С. М.
Редно поле (дума) * Милетий Зографски.
257 ## - Страна на издаване
Страна на създаване/издаване България
260 ## - Област на издателските данни
Име на издателя, разпространителя и проч. Книгопеч. на А. Минасиан
Година на издаване 1872
300 ## - Физическа характеристика
Страници 88 с.
Размери/Мащаб 24 см
380 ## - Жанр
Жанр История
490 ## - СЕРИИ (Колекции)
9 (RLIN) 410374
Име на серия Писмените съкровища на Долен Дунав
490 ## - СЕРИИ (Колекции)
9 (RLIN) 415800
Име на серия Библиотека при Русенска митрополия
500 ## - Общи забележки
Забележка Книгата е от библиотеката при Русенската митрополия по проект "Писмените съкровища на Долен Дунав"
650 #4 - Допълнително описание по предмет – тема
Основно описание – тема или топоним Църковно-национална борба - България
9 (RLIN) 270296
653 ## - Ключова дума – ненормативна
Ключова дума църковно-национални борби
659 ## - Тематичен бюлетин
Тематичен бюлетин С
700 1# - Други автори (авторска отговорност)
Лично име Милетий Зографски
Автороска отговорност (Описва отношението между автора и произведението) *
9 (RLIN) 95763
852 ## - Местоположение
Систематично-азбучна сигнатура 94(497.2)"1870"/М 58
856 4# - Електронен адрес и достъп
Електронен формат pdf - файл
856 4# - Електронен адрес и достъп
Електронен формат pdf - файл
999 ## - СИСТЕМНИ КОНТРОЛНИ НОМЕРА
Koha biblionumber 420406
Koha biblioitemnumber 420406
942 ## - АРТИКУЛИ
Вид на библиотечния материал Електронен екземпляр
Скрит в OPAC Не
Периодичен библиозапис Да
944 ## - СЪЗДАВАНЕ И РЕДАКЦИЯ на ЗАПИСА
Създаване/Редакция Създаване
Дата на регистрацията/редакция 2021-06-17
Служител, извършил регистрацията/редакцията Христина Везирева
999 ## - СИСТЕМНИ КОНТРОЛНИ НОМЕРА
Koha biblioitemnumber 156998

Няма налични копия.

Vip Innovations Ltd, Rousse, Bulgaria 2025